Discrete mathematics with applications

Enregistré dans:
Détails bibliographiques
Auteur principal: Susanna S. Epp
Format: Livre
Langue:Undetermined
Publié: Australia Thomson 2004
Sujets:
Tags: Ajouter un tag
Pas de tags, Soyez le premier à ajouter un tag!
Thư viện lưu trữ: Trung tâm Học liệu Trường Đại học Cần Thơ
LEADER 00489nam a2200193Ia 4500
001 CTU_87464
008 210402s9999 xx 000 0 und d
020 |c 1104000 
082 |a 510.22 
082 |b E54 
100 |a Susanna S. Epp 
245 0 |a Discrete mathematics with applications 
245 0 |c Susanna S. Epp 
260 |a Australia 
260 |b Thomson 
260 |c 2004 
650 |a mathematics 
904 |i Giang 
980 |a Trung tâm Học liệu Trường Đại học Cần Thơ